Musical Facebook Posts Quiz Stats

 Plays Quiz not verified by Sporcle

Score 0/15 Timer 10:00
0 Plays Today
Post Musical % Correct
...thinks it's time to try defying gravityWicked
95.2%
...is on her own :-[Les Miserables
80.9%
...can hear the bellsHairspray
79.4%
...has confidence in herselfThe Sound of Music
67%
...is performing Over the Moon tonight in protest, come alongRent
63.1%
...wants some moreOliver!
39.7%
...has got a chip on her shoulderLegally Blonde
38.8%
...is enjoying being alive :-)Company
36.2%
Post Musical % Correct
...wishes she could sing!A Chorus Line
34.2%
...is hoping the rainbow tour goes wellEvita
28.3%
...isn't looking forward to this weekend in the countryA Little Night Music
21.7%
...is the bravest individual she's ever metSweet Charity
16.2%
...has landed in MeranoChess
10.6%
...is looking with her heartLove Never Dies
6.3%
...hopes this will be the perfect yearSunset Boulevard
6.1%

You're not logged in!

Compare scores with friends on all Sporcle quizzes.
OR
Log In

Sporcle TV

Today on Sporcle TV


Watch our educational content, quiz creation guides, and fun videos on Sporcle TV.

Show Comments

Extras

Top Quizzes Today


Score Distribution

Your Account Isn't Verified!

In order to create a playlist on Sporcle, you need to verify the email address you used during registration. Go to your Sporcle Settings to finish the process.

Report this User

Report this user for behavior that violates our Community Guidelines.

Details: